Things Named After Places Quiz Stats

Quiz not verified by Sporcle

Challenge
Share
Tweet
Embed
Score 0/12 Timer 03:00
0 Plays Today
Question Answer Wrong Answers
Lesbian Greece
84.4%
Iraq
3.1%
India
3.8%
Yemen
7.2%
Geyser Iceland
83%
UK
6%
South Africa
5.8%
Chile
3.8%
Dalmatian Croatia
68.8%
Romania
18.5%
Israel
2.6%
Morocco
9.2%
Neanderthal Germany
58.3%
Georgia
8.5%
Pakistan
4.8%
Ethiopia
25.8%
Bikini Marshall Islands
54.9%
USA
18.3%
Fiji
22.3%
Spain
4.3%
Spa Belgium
48.7%
Italy
28.5%
Russia
14.6%
Iran
7.7%
Ebola DRC
47.7%
Afghanistan
2.4%
Uganda
40.4%
Papua New Guinea
6.7%
Muslin Iraq
40.4%
Mongolia
6.7%
Nepal
7.5%
India
43.1%
Magenta Italy
31.3%
France
21.3%
Portugal
37.5%
Ghana
7.8%
Cantaloupe Italy
28%
Armenia
13.1%
Turkey
28.8%
Tunisia
29.1%
Duffel Bag Belgium
22.6%
France
11.6%
Germany
51.2%
New Zealand
13.3%
Tarantula Italy
20.4%
Mexico
49.7%
Colombia
23.3%
USA
4.3%

You're not logged in!

Compare scores with friends on all Sporcle quizzes.
Sign Up with Email
OR
Log In

You Might Also Like...

Show Comments

Extras

Editor's Pick Nov 13, 2016ReportNominate
Tags:Country Quiz, place

Top Quizzes Today


Score Distribution

Your Account Isn't Verified!

In order to create a playlist on Sporcle, you need to verify the email address you used during registration. Go to your Sporcle Settings to finish the process.